Hudobné udalosti na Slovensku ...
| Ďalší autori: | , , , , |
|---|---|
| Médium: | Seriál |
| Jazyk: | slovenčina angličtina |
| PhysicalDescription: | zv. 21 cm |
| Vydavateľské údaje: |
Bratislava
Hudobné centrum
|
| ISBN: | 8088884438 (brož. : r. 2004) 8088884675 (brož. : r. 2006) 8088884802 (brož. : r. 2007) 9788088884903 (brož.: r. 2008) 8088884543 (brož. : r. 2005) 9788089427147 (brož. : r. 2013) 9788089427093 (brož. : r. 2012) 9788089427017 (brož. : r. 2010) 9788088884958 (brož. : r. 2009) 9788089427062 (brož. : r. 2011) 9788089427192 (brož. : r. 2014) 9788089427208 (brož. : r. 2015) 8088884268 (brož. : r. 2002) 9788089427239 (brož. : r. 2016) 9788089427277 (brož. : r. 2017) 8088884365 (brož. : r. 2003) |
| Predmet: |
MARC
| LEADER | 00000cas a2200000 a 4500 | ||
|---|---|---|---|
| 001 | vtls008288291 | ||
| 003 | SK-MaSNL | ||
| 005 | 20260425194000.0 | ||
| 008 | 050808c19879999xo ar 000 b0slo | ||
| 015 | |a SNBE2001/04-02996 | ||
| 015 | |a SNBE2001/02-00694 ; |a SNBE1998/04-02464 ; |a SNBE2002/03-01483 | ||
| 020 | |a 8088884438 (brož. : r. 2004) | ||
| 020 | |a 8088884675 (brož. : r. 2006) | ||
| 020 | |a 8088884802 (brož. : r. 2007) | ||
| 020 | |a 9788088884903 (brož.: r. 2008) | ||
| 020 | |a 8088884543 (brož. : r. 2005) | ||
| 020 | |a 9788089427147 (brož. : r. 2013) | ||
| 020 | |a 9788089427093 (brož. : r. 2012) | ||
| 020 | |a 9788089427017 (brož. : r. 2010) | ||
| 020 | |a 9788088884958 (brož. : r. 2009) | ||
| 020 | |a 9788089427062 (brož. : r. 2011) | ||
| 020 | |a 9788089427192 (brož. : r. 2014) | ||
| 020 | |a 9788089427208 (brož. : r. 2015) | ||
| 020 | |a 8088884268 (brož. : r. 2002) | ||
| 020 | |a 9788089427239 (brož. : r. 2016) | ||
| 020 | |a 9788089427277 (brož. : r. 2017) | ||
| 020 | |a 8088884365 (brož. : r. 2003) | ||
| 035 | |a SVKPOKN099770 | ||
| 035 | |a SNK000407509 | ||
| 040 | |a SVKPOKN |b slo |c SVKPOKN |d SVKPO |d SNK |d SVKBB | ||
| 041 | 0 | |a slo |a eng | |
| 044 | |a xo |c SK | ||
| 072 | 7 | |a 78 |x Hudba |2 konspekt | |
| 072 | 7 | |a 394 |x Verejný a spoločenský život. Každodenný život |2 konspekt | |
| 080 | |a 78.079 |2 2001 | ||
| 080 | |a (437.6) |2 2001 | ||
| 080 | |a (036) |2 2011 | ||
| 080 | |a (058) |2 2011 | ||
| 080 | |a 78 |2 2011 | ||
| 080 | |a 394.1/.7 |2 2011 | ||
| 245 | 0 | 0 | |a Hudobné udalosti na Slovensku ... |
| 246 | 1 | 1 | |a Musical events in Slovakia ... |
| 260 | |a Bratislava |b Hudobné centrum | ||
| 300 | |a zv. |c 21 cm | ||
| 310 | |a 1x ročne | ||
| 500 | |a Popis podľa: R. 2004 | ||
| 500 | |a Súčasťou názvu je označenie bežného roku | ||
| 500 | |a Spracovali a zostavili: 1998, Iveta Sestrienková, Marína Markušová ; 2000, Gabriela Šikulíncová, Anna Žilková ; 2001, Gabriela Šikulíncová ; 2003-2011, Ladislava Spišáková, Gabriela Šikulíncová ; 2013, 2017, Gabriela Šikulíncová | ||
| 650 | 0 | 7 | |a hudobné festivaly |2 SNKPH |9 2958 |
| 650 | 0 | 7 | |a Music festivals |2 SNKPHeng |9 265351 |
| 650 | 0 | 7 | |a hudba |2 SNKPH |9 1063 |
| 650 | 0 | 7 | |a Music |2 SNKPH |9 265352 |
| 650 | 0 | 7 | |a kultúrne podujatia |2 SNKPH |9 71676 |
| 650 | 0 | 7 | |a Cultural activities |2 SNKPHeng |9 265353 |
| 651 | 7 | |a Slovensko |2 SNKPHgeo |9 14231 | |
| 651 | 7 | |a Slovakia |2 SNKPHeng |9 92630 | |
| 655 | 7 | |a informačné publikácie |2 SNKPH |9 70181 | |
| 655 | 7 | |a Information publications |2 SNKPHeng |9 265188 | |
| 655 | |a ročenky |2 SNKPH |9 57146 | ||
| 655 | 7 | |a Yearbooks |2 SNKPHeng |9 120938 | |
| 700 | 1 | |a Šikulíncová, Gabriela, |d 1974- |4 com |9 265354 | |
| 700 | 1 | |a Gaines-Spišáková, Ladislava, |d 1976- |4 com |9 183078 | |
| 700 | 1 | |a Sestrienková, Iveta |4 com |9 265355 | |
| 700 | 1 | |a Markušová, Marína |4 com |9 265356 | |
| 700 | 1 | |a Žilková, Anna |4 com |9 265357 | |
| 852 | |a Štátna vedecká knižnica v Banskej Bystrici | ||
| 910 | |a svkponkat | ||
| 910 | |a snk | ||
| 919 | |a 80-88884-43-8 | ||
| 919 | |a 80-88884-67-5 | ||
| 919 | |a 80-88884-80-2 | ||
| 919 | |a 978-80-89427-14-7 | ||
| 919 | |a 978-80-89427-19-2 | ||
| 919 | |a 978-80-89427-20-8 | ||
| 919 | |a 978-80-89427-23-9 | ||
| 919 | |a 978-80-89427-27-7 | ||
| 919 | |a 80-88884-26-8 | ||
| 919 | |a 80-88884-54-3 | ||
| 919 | |a 80-88884-36-5 | ||
| 919 | |a 978-80-88884-95-8 | ||
| 919 | |a 978-80-89427-01-7 | ||
| 919 | |a 978-80-89427-06-2 | ||
| 919 | |a 978-80-89427-09-3 | ||
| 999 | |c 642 |d 642 | ||
| 952 | |a SNK |b SNK |y PREZ |7 0 |p 17A0502124 |o snkČSD 1094/2004 |i snk2006/9447 |8 0 |0 0 |1 0 |4 0 |d 2006-05-10 |l 0 |r 2026-02-21 19:52:38 |w 2026-02-21 | ||
| 952 | |a SNK |b SNK |y PREZ |7 0 |p 17A0502125 |o snkČSD 1094/2004 D1 |i snk2006/9449 |8 0 |0 0 |1 0 |4 0 |d 2006-05-10 |l 0 |r 2026-02-21 19:52:38 |w 2026-02-21 | ||
| 952 | |a SNK |b SNK |y PREZ |7 0 |p 17A0502126 |o snkČSD 1094/2006 D1 |i snk2006/9451 |8 0 |0 0 |1 0 |4 0 |d 2006-05-10 |l 0 |r 2026-02-21 19:52:38 |w 2026-02-21 | ||
| 952 | |a SNK |b SNK |y PREZ |7 0 |p 17A0348906 |o snkČSD 1094/2002 |i snkKSP 8227/2002 |0 0 |1 0 |4 0 |d 2002-06-27 |l 0 |r 2005-01-02 00:00:00 |w 2026-02-21 | ||
| 952 | |a SNK |b SNK |y PREZ |7 0 |p 17A1205123 |o snkČSD 1094/2014 |i snk2017/3819 |8 0 |0 0 |1 0 |4 0 |d 2017-02-10 |l 0 |r 2026-02-21 20:19:01 |w 2026-02-21 | ||
| 952 | |a SNK |b SNK |y NEVYP |7 1 |p 17A0563781 |o snkČSD 1094/2007 |i snk2007/26962 |8 0 |0 0 |1 0 |4 0 |d 2007-12-10 |l 0 |r 2026-02-21 20:21:34 |w 2026-02-21 | ||
| 952 | |a SNK |b SNK |y PREZ |7 0 |p 17A0563782 |o snkČSD 1094/2007 D1 |i snk2007/26963 |8 0 |0 0 |1 0 |4 0 |d 2007-12-10 |l 0 |r 2026-02-21 20:21:34 |w 2026-02-21 | ||
| 952 | |a SNK |b SNK |y PREZ |7 0 |p 17A0502127 |o snkČSD 1094/2006 |i snk2006/9450 |8 0 |0 0 |1 0 |4 0 |d 2006-05-10 |l 0 |r 2026-02-21 20:21:47 |w 2026-02-21 | ||
| 952 | |a SNK |b SNK |y PREZ |7 0 |p 17A0582390 |o snkČSD 1094/2005 D1 |i snk2008/19355 |8 0 |0 0 |1 0 |4 0 |d 2008-10-13 |l 0 |r 2026-02-21 20:21:56 |w 2026-02-21 | ||
| 952 | |a SNK |b SNK |y PREZ |7 0 |p 17A0875776 |o snkČSD 1094/2010 |i snk2012/1232 |8 0 |0 0 |1 0 |4 0 |d 2012-01-17 |l 0 |r 2026-02-21 20:29:53 |w 2026-02-21 | ||
| 952 | |a SNK |b SNK |y PREZ |7 0 |p 17A0875790 |o snkČSD 1094/2010 D1 |i snk2012/1233 |8 0 |0 0 |1 0 |4 0 |d 2012-01-17 |l 0 |r 2026-02-21 20:29:53 |w 2026-02-21 | ||
| 952 | |a SNK |b SNK |y PREZ |7 0 |p 17A0266073 |o snkČSD 1094/2000 |i snkKSP 948/2001 |0 0 |1 0 |4 0 |d 2001-01-18 |l 0 |r 2005-01-02 00:00:00 |w 2026-02-21 | ||
| 952 | |a SNK |b SNK |y PREZ |7 0 |p 17A0266074 |o snkČSD 1094/2000 D1 |i snkKSP 949/2001 |0 0 |1 0 |4 0 |d 2001-01-18 |l 0 |r 2005-01-02 00:00:00 |w 2026-02-21 | ||
| 952 | |a SNK |b SNK |y PREZ |7 0 |p 17A0582388 |o snkČSD 1094/2005 |i snk2008/19354 |8 0 |0 0 |1 0 |4 0 |d 2008-10-13 |l 0 |r 2026-02-21 20:49:55 |w 2026-02-21 | ||
| 952 | |a SNK |b SNK |y PREZ |7 0 |p 17A0582387 |o snkČSD 1094/2008 |i snk2008/19356 |8 0 |0 0 |1 0 |4 0 |d 2008-10-13 |l 0 |r 2026-02-21 20:49:55 |w 2026-02-21 | ||
| 952 | |a SNK |b SNK |y PREZ |7 0 |p 17A0582389 |o snkČSD 1094/2008 D1 |i snk2008/19357 |8 0 |0 0 |1 0 |4 0 |d 2008-10-13 |l 0 |r 2026-02-21 20:49:55 |w 2026-02-21 | ||
| 952 | |a SNK |b SNK |y PREZ |7 0 |p 17A0318085 |o snkČSD 1094/2001 |i snkKSP 11737/2001 |0 0 |1 0 |4 0 |d 2001-10-08 |l 0 |r 2005-01-02 00:00:00 |w 2026-02-21 | ||
| 952 | |a SNK |b SNK |y PREZ |7 0 |p 17A0318086 |o snkČSD 1094/2001 D1 |i snkKSP 11738/2001 |0 0 |1 0 |4 0 |d 2001-10-08 |l 0 |r 2005-01-02 00:00:00 |w 2026-02-21 | ||
| 952 | |a SNK |b SNK |y PREZ |7 0 |p 17A0190463 |o snkČSD 1094/1998 |i snkKSP 11592/98 |0 0 |1 0 |4 0 |d 1998-12-14 |l 0 |r 2005-01-02 00:00:00 |w 2026-02-21 | ||
| 952 | |a SNK |b SNK |y PREZ |7 0 |p 17A0171887 |o snkČSD 1094/1998 D1 |i snkKSP 11593/98 |0 0 |1 0 |4 0 |d 1998-12-14 |l 0 |r 2005-01-02 00:00:00 |w 2026-02-21 | ||
| 952 | |a SNK |b SNK |y PREZ |7 0 |p 17A0348907 |o snkČSD 1094/2002 D1 |i snkKSP 8228/2002 |0 0 |1 0 |4 0 |d 2002-06-27 |l 0 |r 2005-01-02 00:00:00 |w 2026-02-21 | ||
| 952 | |a SNK |b SNK |y PREZ |7 0 |p 17A0378999 |o snkČSD 1094/2003 |i snkKSP 4997/2003 |0 0 |1 0 |4 0 |d 2003-04-14 |l 0 |r 2005-01-02 00:00:00 |w 2026-02-21 | ||
| 952 | |a SNK |b SNK |y PREZ |7 0 |p 17A0379000 |o snkČSD 1094/2003 D1 |i snkKSP 4998/2003 |0 0 |1 0 |4 0 |d 2003-04-14 |l 0 |r 2005-01-02 00:00:00 |w 2026-02-21 | ||
| 952 | |a SNK |b SNK |y PREZ |7 0 |p 17A1387835 |o snkČSD 1094/2017/príl. |i snk2020/13180 |8 1 |z Príloha má názov: Slovensko 2017 - 100 festivalových tipov |0 0 |1 0 |4 0 |d 2020-07-23 |l 0 |r 2026-02-21 21:51:28 |w 2026-02-21 | ||
| 952 | |a SNK |b SNK |y PREZ |7 0 |p 17A1387829 |o snkČSD 1094/2011 D1 |i snk2020/13177 |8 1 |0 0 |1 0 |4 0 |d 2020-07-23 |l 0 |r 2026-02-21 21:51:33 |w 2026-02-21 | ||
| 952 | |a SNK |b SNK |y PREZ |7 0 |p 17A1387830 |o snkČSD 1094/2013 |i snk2020/13178 |8 1 |0 0 |1 0 |4 0 |d 2020-07-23 |l 0 |r 2026-02-21 21:51:33 |w 2026-02-21 | ||
| 952 | |a SNK |b SNK |y PREZ |7 0 |p 17A1387831 |o snkČSD 1094/2013/príl. |i snk2020/13178 |8 1 |z Príloha prináša v skratke prehľad kultúrnych podujatí na Slovensku |0 0 |1 0 |4 0 |d 2020-07-23 |l 0 |r 2026-02-21 21:51:33 |w 2026-02-21 | ||
| 952 | |a SNK |b SNK |y PREZ |7 0 |p 17A1387832 |o snkČSD 1094/2013 D1 |i snk2020/13179 |8 1 |0 0 |1 0 |4 0 |d 2020-07-23 |l 0 |r 2026-02-21 21:51:33 |w 2026-02-21 | ||
| 952 | |a SNK |b SNK |y PREZ |7 0 |p 17A1387833 |o snkČSD 1094/2013/príl. D1 |i snk2020/13179 |8 1 |z Príloha prináša v skratke prehľad kultúrnych podujatí na Slovensku |0 0 |1 0 |4 0 |d 2020-07-23 |l 0 |r 2026-02-21 21:51:34 |w 2026-02-21 | ||
| 952 | |a SNK |b SNK |y PREZ |7 0 |p 17A1387834 |o snkČSD 1094/2017 |i snk2020/13180 |8 1 |0 0 |1 0 |4 0 |d 2020-07-23 |l 0 |r 2026-02-21 21:51:34 |w 2026-02-21 | ||
| 952 | |a SNK |b SNK |y PREZ |7 0 |p 17A1387826 |o snkČSD 1094/2009 |i snk2020/13174 |8 1 |0 0 |1 0 |4 0 |d 2020-07-23 |l 0 |r 2026-02-21 21:51:58 |w 2026-02-21 | ||
| 952 | |a SNK |b SNK |y PREZ |7 0 |p 17A1387827 |o snkČSD 1094/2009 D1 |i snk2020/13175 |8 1 |0 0 |1 0 |4 0 |d 2020-07-23 |l 0 |r 2026-02-21 21:51:58 |w 2026-02-21 | ||
| 952 | |a SNK |b SNK |y PREZ |7 0 |p 17A1387828 |o snkČSD 1094/2011 |i snk2020/13176 |8 1 |0 0 |1 0 |4 0 |d 2020-07-23 |l 0 |r 2026-02-21 21:51:58 |w 2026-02-21 | ||


